Southville International School and Colleges
Your cart is empty.
  • Cart
  • Lists
    Public lists Eva Luna New books Lux_list list_1
    Your lists Log in to create your own lists
  • Log in to your account
  • Your cookies
  • Search history
Southville International School and Colleges
  • Advanced search
  • Recent comments
  • Most popular
  • Libraries

Log in to your account

Log in with GOOGLE


If you do not have an external account, but do have a local account, you can still log in:

  1. Home
  2. MARC view: Media and communications industry /
Normal view MARC view ISBD view

Media and communications industry / (Record no. 118185)

[ view plain ]
MARC details
000 -LEADER
fixed length control field 00605nam a2200205Ia 4500
008 - FIXED-LENGTH DATA ELEMENTS--GENERAL INFORMATION
fixed length control field 140609s9999 xx 000 0 und d
020 ## - INTERNATIONAL STANDARD BOOK NUMBER
International Standard Book Number 9781435896321
050 ## - LIBRARY OF CONGRESS CALL NUMBER
Classification number P 91.2
Item number .W539 2011
100 ## - MAIN ENTRY--PERSONAL NAME
Personal name Wilson, Rosie.
245 ## - TITLE STATEMENT
Title Media and communications industry /
Statement of responsibility, etc Rosie Wilson
260 ## - PUBLICATION, DISTRIBUTION, ETC. (IMPRINT)
Place of publication, distribution, etc New York :
Name of publisher, distributor, etc Rosen Central,
Date of publication, distribution, etc c2011.
300 ## - PHYSICAL DESCRIPTION
Extent 46 p. :
Other physical details col. ill. ;
Dimensions 25 cm.
440 ## - SERIES STATEMENT/ADDED ENTRY--TITLE
Title (A closer look: global industries).
500 ## - GENERAL NOTE
General note Includes glossary and index.
521 ## - TARGET AUDIENCE NOTE
Target audience note
650 ## - SUBJECT ADDED ENTRY--TOPICAL TERM
Topical term or geographic name as entry element Mass media and globalization.
650 ## - SUBJECT ADDED ENTRY--TOPICAL TERM
Topical term or geographic name as entry element Mass media.
942 ## - ADDED ENTRY ELEMENTS (KOHA)
Call number prefix Foreign
Koha item type Books
Holdings
Withdrawn status Lost status Damaged status Home library Current library Shelving location Date acquired Cost, normal purchase price Total Checkouts Total Renewals Full call number Barcode Date last seen Date checked out Price effective from Koha item type
      College Library College Library Reserve Section 06/09/2014 13515.00 1 2 P 91.2 .W539 2011 C18473 12/06/2019 11/14/2019 06/09/2014 Books

Media and communications industry /

APA

Wilson R., . (2011). Media and communications industry. New York: Rosen Central.

Chicago

Wilson Rosie, . 2011. Media and communications industry. New York: Rosen Central.

Harvard

Wilson R., . (2011). Media and communications industry. New York: Rosen Central.

MLA

Wilson Rosie, . Media and communications industry. New York: Rosen Central. 2011.

  • Place hold
  • Print
  • Cite
  • Add to your cart (remove)
  • Save record
    BIBTEX Dublin Core MARCXML MARC (non-Unicode/MARC-8) MARC (Unicode/UTF-8) MARC (Unicode/UTF-8, Standard) MODS (XML) RIS
  • More searches
    Search for this title in:
    Other Libraries (WorldCat) Other Databases (Google Scholar) Online Stores (Bookfinder.com) Open Library (openlibrary.org)

Exporting to Dublin Core...

SOUTHVILLE LIBRARY

Southville International School and Colleges Library

1281 Tropical Ave. Cor. Luxembourg St., BF Homes International, Las Pinas City

Tel. No. 8256374 / 252358 Loc. 117/146

Powered by Koha